[Event "Frankfurt-chA"]
[Site "Frankfurt"]
[Date "2017.05.29"]
[Round "6"]
[White "Koch, Markus"]
[Black "Adair, Robin"]
[Result "1-0"]
[WhiteElo "2066"]
[BlackElo "1685"]
[PlyCount "97"]
[EventDate "2017.04.24"]
[EventType "swiss"]
[EventRounds "7"]
[EventCountry "GER"]
[SourceTitle "EXT 2018"]
[Source "ChessBase"]
[SourceDate "2017.10.13"]
[SourceVersion "1"]
[SourceVersionDate "2017.10.13"]
[SourceQuality "1"]

1. d4 Nf6 2. c4 g6 3. Nc3 Bg7 4. e4 d6 5. f3 0-0 6. Nge2 a6 7. Be3 Nbd7 8. Qd2 c5 9. d5 b5 10. cxb5 Ne5 11. Ng3 axb5 12. Nxb5 Ba6 13. a4 c4 14. Nd4 Nfd7 15. Be2 Nc5 16. 0-0 Qd7 17. h3 Rfb8 18. Rfb1 Ncd3 19. Bxd3 Nxd3 20. Nge2 Nc5 21. Qd1 Nb3 22. Ra3 Rb7 23. Nc6 e6 24. Ned4 exd5 25. exd5 Re8 26. Bf2 Nxd4 27. Bxd4 Bxd4+ 28. Qxd4 Qf5 29. Rd1 Qc2 30. Rd2 Qc1+ 31. Kh2 Qe1 32. Rc3 h5 33. Rcc2 h4 34. Rf2 c3 35. Qxc3 Qa1 36. Qd4 g5 37. Qf6 Qxa4 38. Qxg5+ Kh7 39. b4 Rxb4 40. Nxb4 Qxb4 41. Rc7 Rf8 42. Ra7 Bd3 43. f4 Qd4 44. Qxh4+ Kg7 45. Qg3+ Kh7 46. Ra3 Bf5 47. Qh4+ Kg7 48. Qg5+ Bg6 49. f5 1-0

[Event "Frankfurt-chA"]
[Site "Frankfurt"]
[Date "2017.05.15"]
[Round "4"]
[White "Wich, Manuela"]
[Black "Adair, Robin"]
[Result "0-1"]
[WhiteElo "1494"]
[BlackElo "1685"]
[PlyCount "120"]
[EventDate "2017.04.24"]
[EventType "swiss"]
[EventRounds "7"]
[EventCountry "GER"]
[SourceTitle "EXT 2018"]
[Source "ChessBase"]
[SourceDate "2017.10.13"]
[SourceVersion "1"]
[SourceVersionDate "2017.10.13"]
[SourceQuality "1"]

1. Nf3 Nf6 2. b3 g6 3. Bb2 Bg7 4. g3 0-0 5. Bg2 d5 6. d3 c5 7. 0-0 Nc6 8. Nbd2 Bg4 9. Ne5 Nxe5 10. Bxe5 Qd7 11. Rb1 Bh3 12. Bxf6 Bxf6 13. Re1 Bg4 14. Nf3 Bc3 15. Rf1 Rad8 16. Qc1 Bg7 17. c4 Bh3 18. Ng5 Bxg2 19. Kxg2 Bh6 20. h4 f6 21. Rh1 fxg5 22. hxg5 Bg7 23. Rh3 Qf5 24. f3 Rf7 25. Rh4 Qe6 26. Qc2 Qe3 27. Rbh1 Bd4 28. Rf1 dxc4 29. bxc4 Rd6 30. f4 Re6 31. Rh2 Qxe2+ 32. Qxe2 Rxe2+ 33. Kh3 Rxh2+ 34. Kxh2 e5 35. Kh3 Kf8 36. Kg4 Ke7 37. Re1 Kd6 38. Rb1 b6 39. a4 Re7 40. Kf3 exf4 41. gxf4 Re3+ 42. Kg4 Rxd3 43. Rh1 Bf2 44. f5 gxf5+ 45. Kxf5 Rf3+ 46. Ke4 Rf7 47. Rh6+ Kd7 48. g6 hxg6 49. Rxg6 Be1 50. Rg8 Kc7 51. Rg6 Kb7 52. Kd5 Rd7+ 53. Ke6 Rd4 54. Rg7+ Ka6 55. Re7 Re4+ 56. Kd7 Rxe7+ 57. Kxe7 Ka5 58. Kd7 Kxa4 59. Kc7 Kb4 60. Kb7 a5 0-1

[Event "Frankfurt-chA"]
[Site "Frankfurt"]
[Date "2017.04.24"]
[Round "1"]
[White "Adair, Robin"]
[Black "Medvedovski, Michael"]
[Result "0-1"]
[WhiteElo "1685"]
[BlackElo "2029"]
[PlyCount "98"]
[EventDate "2017.04.24"]
[EventType "swiss"]
[EventRounds "7"]
[EventCountry "GER"]
[SourceTitle "EXT 2018"]
[Source "ChessBase"]
[SourceDate "2017.10.13"]
[SourceVersion "1"]
[SourceVersionDate "2017.10.13"]
[SourceQuality "1"]

1. d4 d5 2. Nf3 c5 3. g3 Nc6 4. Bg2 Nf6 5. 0-0 e6 6. Bg5 h6 7. Bf4 Qb6 8. dxc5 Bxc5 9. Bc1 Ne4 10. e3 0-0 11. a3 a5 12. c4 dxc4 13. Qc2 Nd6 14. Nbd2 e5 15. Nxc4 Nxc4 16. Qxc4 Be6 17. Qh4 Rad8 18. Kh1 f5 19. Nd2 Qb5 20. b4 axb4 21. axb4 Nxb4 22. Rb1 Rd7 23. Ba3 e4 24. Bxb4 Bxb4 25. Nb3 Be7 26. Nd4 Qxb1 27. Rxb1 Bxh4 28. Nxe6 Rc8 29. Nd4 Bf6 30. Nxf5 h5 31. Bh3 Rd2 32. Kg2 g6 33. Rb6 Rf8 34. Nd6 Bd8 35. Nxe4 Rdxf2+ 36. Nxf2 Bxb6 37. Be6+ Kg7 38. Bd5 Bxe3 39. Nd1 Bd4 40. Bxb7 g5 41. h3 g4 42. hxg4 hxg4 43. Ba6 Kg6 44. Bd3+ Kg5 45. Be4 Rf6 46. Bh7 Rf3 47. Be4 Ra3 48. Bd5 Rd3 49. Nf2 Rd2 0-1

[Event "Frankfurt-chA"]
[Site "Frankfurt"]
[Date "2016.06.13"]
[Round "7"]
[White "Adair, Robin"]
[Black "Klamser, Dietmar"]
[Result "1-0"]
[WhiteElo "1647"]
[BlackElo "1809"]
[PlyCount "71"]
[EventDate "2016.04.25"]
[EventType "swiss"]
[EventRounds "9"]
[EventCountry "GER"]
[SourceTitle "EXT 2018"]
[Source "ChessBase"]
[SourceDate "2017.10.13"]
[SourceVersion "1"]
[SourceVersionDate "2017.10.13"]
[SourceQuality "1"]

1. d4 d5 2. c4 c6 3. Nf3 Nf6 4. cxd5 cxd5 5. Nc3 Nc6 6. Bf4 Nh5 7. Bg3 Nxg3 8. hxg3 e6 9. e3 a6 10. a3 Be7 11. Rc1 Qa5 12. Bd3 h6 13. Bb1 Bd7 14. Kf1 Rc8 15. g4 Qd8 16. e4 dxe4 17. Nxe4 Qb6 18. b4 a5 19. Nc5 Rd8 20. b5 Nxd4 21. Nxd7 Qxb5+ 22. Bd3 Qxd7 23. Rh5 g5 24. a4 Kf8 25. Ne5 Qd6 26. Nc4 Qd5 27. Rh3 Nc6 28. Qe1 Bb4 29. Qe2 Nd4 30. Qb2 Ke7 31. Rd1 Nc6 32. Rf3 Qd4 33. Qe2 Qg7 34. Qe4 h5 35. Ne3 hxg4 36. Nf5+ 1-0

[Event "Frankfurt-chA"]
[Site "Frankfurt"]
[Date "2016.06.06"]
[Round "6"]
[White "Makilla, Tobias"]
[Black "Adair, Robin"]
[Result "1-0"]
[WhiteElo "1864"]
[BlackElo "1647"]
[PlyCount "97"]
[EventDate "2016.04.25"]
[EventType "swiss"]
[EventRounds "9"]
[EventCountry "GER"]
[SourceTitle "EXT 2018"]
[Source "ChessBase"]
[SourceDate "2017.10.13"]
[SourceVersion "1"]
[SourceVersionDate "2017.10.13"]
[SourceQuality "1"]

1. e4 c5 2. f4 Nc6 3. Nf3 d6 4. Bc4 e6 5. Nc3 a6 6. a4 g6 7. 0-0 Bg7 8. d3 Nge7 9. Qe1 Nd4 10. Nxd4 cxd4 11. Ne2 Rb8 12. Qf2 Nc6 13. f5 Qf6 14. Qg3 Qe7 15. Nf4 Be5 16. fxe6 Bxe6 17. Bxe6 fxe6 18. Qg4 Rf8 19. Bd2 Bxf4 20. Bxf4 Kd7 21. Bh6 Rxf1+ 22. Rxf1 Ne5 23. Qg3 Nf7 24. Bg7 Rc8 25. Bf6 Qe8 26. Bxd4 Rxc2 27. Bc3 Kc7 28. Qf3 Ne5 29. Qd1 Rxc3 30. bxc3 Qe7 31. d4 Nc4 32. Qf3 Qg5 33. Qf4 Qa5 34. Qf7+ Kc6 35. Qe8+ Kb6 36. Qd8+ Ka7 37. Qxa5 Nxa5 38. Rf6 Nc4 39. Rxe6 Kb8 40. Re8+ Kc7 41. Re7+ Kc8 42. Rxh7 Nb6 43. a5 Nc4 44. Rg7 Nxa5 45. Rxg6 Kd7 46. h4 Nc6 47. h5 a5 48. h6 a4 49. h7 1-0

[Event "Hessen-ch Gr-C 64th"]
[Site "Bad Vilbel"]
[Date "2010.04.03"]
[Round "6"]
[White "Adair, Robin"]
[Black "Haftmann, Rainer"]
[Result "1/2-1/2"]
[WhiteElo "2038"]
[BlackElo "1881"]
[PlyCount "211"]
[EventDate "2010.03.31"]
[EventType "swiss"]
[EventRounds "7"]
[EventCountry "GER"]
[SourceTitle "EXT 2011"]
[Source "ChessBase"]
[SourceDate "2010.11.26"]
[SourceVersion "1"]
[SourceVersionDate "2010.11.26"]
[SourceQuality "1"]

1. c4 Nf6 2. Nc3 e6 3. g3 d5 4. d4 c6 5. cxd5 exd5 6. Bg2 Bf5 7. Nf3 Bd6 8. Bg5 Nbd7 9. 0-0 h6 10. Bxf6 Nxf6 11. Nd2 0-0 12. e4 dxe4 13. Ndxe4 Nxe4 14. Nxe4 Bxe4 15. Bxe4 Re8 16. Bc2 Qb6 17. Qd3 g6 18. Bb3 Kg7 19. h4 h5 20. Rfe1 Qa5 21. Re2 Rxe2 22. Qxe2 Qf5 23. Kg2 Qf6 24. Rd1 Rd8 25. Rd3 Qe7 26. Re3 Qc7 27. Rf3 Rd7 28. Qc4 b5 29. Qc3 a5 30. a4 Bb4 31. Qc1 Qd6 32. axb5 cxb5 33. d5 Rc7 34. Qe3 Re7 35. Qd4+ f6 36. Qd3 Qb6 37. d6 Qxd6 38. Qxb5 Qd2 39. Qb8 Qxb2 40. Qg8+ Kh6 41. Bf7 Rxf7 42. Qxf7 f5 43. Qc7 Qg7 44. Qf4+ Kh7 45. Rd3 Qb7+ 46. Kh2 Qe7 47. Qf3 Qa7 48. Kg2 Qc7 49. Re3 Qd7 50. Qa8 f4 51. Re8 Bc3 52. Rb8 Bg7 53. Qxa5 Qc6+ 54. Kh2 fxg3+ 55. fxg3 Qc2+ 56. Kh3 Qd1 57. Qa8 Qg4+ 58. Kh2 Qe2+ 59. Qg2 Qg4 60. Qa2 Qd4 61. Re8 Qd7 62. Qe2 Qd4 63. Re6 Qc3 64. Qe4 Bf6 65. Rc6 Qd2+ 66. Kh3 Qf2 67. Rc2 Qf1+ 68. Kh2 Qa1 69. Rf2 Bg7 70. Kg2 Qc3 71. g4 hxg4 72. Qxg4 Qc6+ 73. Qf3 Qc4 74. h5 gxh5 75. Qxh5+ Kg8 76. Re2 Qc6+ 77. Qf3 Qxf3+ 78. Kxf3 Kf7 79. Kg4 Ba1 80. Ra2 Bc3 81. Ra6 Bf6 82. Kf5 Be7 83. Ra7 Kf8 84. Ke6 Bb4 85. Rf7+ Kg8 86. Rf4 Bd2 87. Rg4+ Kf8 88. Rg2 Bc3 89. Rf2+ Kg8 90. Kf5 Kg7 91. Rg2+ Kf7 92. Rc2 Ba1 93. Rc1 Bf6 94. Rc6 Bb2 95. Ra6 Ke7 96. Ra2 Bc3 97. Rc2 Ba1 98. Re2+ Kd6 99. Ke4 Bg7 100. Rc2 Ba1 101. Rd2+ Kc5 102. Rd7 Bc3 103. Rd5+ Kc6 104. Rh5 Ba1 105. Rh1 Bb2 106. Kd3 1/2-1/2

[Event "Hessen-ch Gr-C 64th"]
[Site "Bad Vilbel"]
[Date "2010.04.02"]
[Round "4"]
[White "Juhnke, Peter"]
[Black "Adair, Robin"]
[Result "1-0"]
[WhiteElo "1931"]
[BlackElo "2038"]
[PlyCount "97"]
[EventDate "2010.03.31"]
[EventType "swiss"]
[EventRounds "7"]
[EventCountry "GER"]
[SourceTitle "EXT 2011"]
[Source "ChessBase"]
[SourceDate "2010.11.26"]
[SourceVersion "1"]
[SourceVersionDate "2010.11.26"]
[SourceQuality "1"]

1. e4 c5 2. c3 d5 3. exd5 Qxd5 4. d4 Nf6 5. Nf3 Nc6 6. Be2 g6 7. 0-0 Bg7 8. dxc5 Qxc5 9. Be3 Qd5 10. Qc1 0-0 11. Rd1 Qa5 12. b4 Qc7 13. Bh6 Ne5 14. Bxg7 Kxg7 15. Nxe5 Qxe5 16. Bf3 Ng4 17. Bxg4 Bxg4 18. Re1 Qf6 19. Nd2 Bf5 20. c4 Rfd8 21. Nf3 h6 22. Qe3 a5 23. b5 e6 24. Ne5 g5 25. Rac1 Qe7 26. c5 Qe8 27. a4 f6 28. g4 Bh7 29. Nc4 e5 30. Nd6 Qe6 31. Qf3 e4 32. Nxe4 Rd4 33. Ng3 Qf7 34. Nh5+ Kh8 35. Qxf6+ Qxf6 36. Nxf6 Rxa4 37. Nxh7 Rxg4+ 38. Kf1 Kxh7 39. Re7+ Kg6 40. Rxb7 a4 41. c6 a3 42. c7 a2 43. Ra1 Rb4 44. Rxa2 Rxa2 45. c8Q Rb1+ 46. Kg2 Raa1 47. Qc6+ Kh5 48. Qf3+ Kg6 49. Rb6+ 1-0

[Event "Hessen-ch Gr-C 64th"]
[Site "Bad Vilbel"]
[Date "2010.04.02"]
[Round "5"]
[White "Wilhelm, Holger"]
[Black "Adair, Robin"]
[Result "0-1"]
[WhiteElo "1857"]
[BlackElo "2038"]
[PlyCount "174"]
[EventDate "2010.03.31"]
[EventType "swiss"]
[EventRounds "7"]
[EventCountry "GER"]
[SourceTitle "EXT 2011"]
[Source "ChessBase"]
[SourceDate "2010.11.26"]
[SourceVersion "1"]
[SourceVersionDate "2010.11.26"]
[SourceQuality "1"]

1. d4 Nf6 2. c4 e6 3. Nc3 c5 4. e3 g6 5. Nf3 Bg7 6. d5 exd5 7. Nxd5 0-0 8. Be2 Nxd5 9. cxd5 d6 10. 0-0 Nd7 11. Rb1 Ne5 12. Nxe5 Bxe5 13. f4 Bg7 14. e4 a6 15. Qc2 Qh4 16. Be3 Re8 17. Bd3 b5 18. Qf2 Qd8 19. b3 Bf5 20. Qf3 h5 21. h3 Qa5 22. Kh1 Qc3 23. Bg1 Bd7 24. Rbc1 Qf6 25. e5 dxe5 26. fxe5 Qxf3 27. Rxf3 Rxe5 28. Rxc5 Re1 29. Rf1 Rae8 30. Rc1 Rxc1 31. Rxc1 g5 32. Bb6 g4 33. hxg4 hxg4 34. g3 Re5 35. Rd1 Rxd5 36. Kg1 Bf5 37. Be2 Re5 38. Kf2 Be6 39. Rd8+ Kh7 40. Ra8 Rf5+ 41. Kg1 Rf6 42. Bd4 Rh6 43. Bxg7 Kxg7 44. Rxa6 Rh3 45. Bxb5 Rxg3+ 46. Kf2 Rc3 47. Bc6 g3+ 48. Ke2 Rc2+ 49. Ke3 g2 50. Bxg2 Rxg2 51. Kf3 Bd5+ 52. Kf4 Rb2 53. Ke5 Bxb3 54. axb3 Rxb3 55. Kf5 Rb5+ 56. Kf4 f6 57. Ra8 Kf7 58. Rc8 Rb1 59. Ra8 Rf1+ 60. Kg4 Re1 61. Kf5 Re5+ 62. Kf4 Rd5 63. Rb8 Re5 64. Ra8 Re8 65. Ra7+ Kg6 66. Rb7 Rc8 67. Rb4 Rc1 68. Rb8 Rc4+ 69. Kf3 Kg5 70. Rg8+ Kf5 71. Ke3 Rc3+ 72. Kf2 Kf4 73. Ra8 Rc2+ 74. Ke1 f5 75. Ra4+ Kg3 76. Ra8 f4 77. Rg8+ Kf3 78. Ra8 Kg4 79. Rg8+ Kf3 80. Ra8 Rb2 81. Ra7 Rb1+ 82. Kd2 Kf2 83. Rh7 f3 84. Rh2+ Kg3 85. Rh8 f2 86. Rg8+ Kh4 87. Rh8+ Kg5 0-1

[Event "Frankfurt-ch"]
[Site "Frankfurt"]
[Date "2007.06.11"]
[Round "6"]
[White "Arnold, Michael"]
[Black "Adair, Robin"]
[Result "1-0"]
[WhiteElo "1614"]
[BlackElo "2009"]
[PlyCount "169"]
[EventDate "2007.04.30"]
[EventType "swiss"]
[EventRounds "7"]
[EventCountry "GER"]
[SourceTitle "EXT 2008"]
[Source "ChessBase"]
[SourceDate "2007.11.25"]
[SourceVersion "1"]
[SourceVersionDate "2007.11.25"]
[SourceQuality "1"]

1. d4 g6 2. Nf3 Bg7 3. e3 Nf6 4. Bd3 c5 5. c3 cxd4 6. exd4 0-0 7. 0-0 d6 8. Bg5 Qb6 9. Qb3 Qc7 10. Nbd2 Nc6 11. Rfe1 Be6 12. Rxe6 fxe6 13. Qxe6+ Kh8 14. Qh3 Qc8 15. Qh4 Qe8 16. Re1 Qf7 17. Be3 Nd8 18. Ng5 Qe8 19. Nde4 h5 20. Bd2 Nxe4 21. Qxe4 e5 22. dxe5 dxe5 23. Qxg6 Qxg6 24. Bxg6 Nc6 25. Bxh5 Kg8 26. Ne6 Rf6 27. Nxg7 Kxg7 28. Bf3 Re8 29. Be4 Rd6 30. Be3 a6 31. b3 Red8 32. Kf1 Kf6 33. Ke2 R6d7 34. h4 Rh8 35. Bg5+ Ke6 36. g4 Ne7 37. Rd1 Rxd1 38. Kxd1 Nd5 39. Bf5+ Kf7 40. Kd2 Nf4 41. Bxf4 exf4 42. h5 Kf6 43. f3 Ke5 44. Kd3 Rh6 45. Kc4 Rc6+ 46. Kb4 b5 47. Be4 Rh6 48. c4 bxc4 49. Kxc4 Rh8 50. Kb4 Rg8 51. h6 Kf6 52. Ka5 Re8 53. Bb7 Rh8 54. Kxa6 Rxh6 55. b4 Ke5+ 56. Ka5 Kd4 57. b5 Kc5 58. Bc6 Re6 59. a4 Re3 60. Ka6 Ra3 61. a5 Ra1 62. Be4 Ra4 63. b6 Rxe4 64. fxe4 f3 65. b7 f2 66. b8Q f1Q+ 67. Ka7 Qf7+ 68. Qb7 Qf4 69. Qd5+ Kb4 70. e5 Qxg4 71. Qd2+ Kb5 72. Qd5+ Kb4 73. a6 Qf5 74. Qd6+ Kb5 75. Qb6+ Kc4 76. e6 Qf6 77. Kb7 Kd5 78. Qc6+ Ke5 79. a7 Kf4 80. a8Q Qb2+ 81. Kc8 Qh8+ 82. Kc7 Qg7+ 83. Qd7 Qc3+ 84. Qac6 Qa5+ 85. Kc8 1-0

[Event "Frankfurt-ch"]
[Site "Frankfurt"]
[Date "2007.05.14"]
[Round "3"]
[White "Adair, Robin"]
[Black "Schwenkreis, Thomas"]
[Result "0-1"]
[WhiteElo "2009"]
[BlackElo "2054"]
[PlyCount "78"]
[EventDate "2007.04.30"]
[EventType "swiss"]
[EventRounds "7"]
[EventCountry "GER"]
[SourceTitle "EXT 2008"]
[Source "ChessBase"]
[SourceDate "2007.11.25"]
[SourceVersion "1"]
[SourceVersionDate "2007.11.25"]
[SourceQuality "1"]

1. e4 e5 2. Nf3 Nc6 3. Bb5 a6 4. Ba4 Nf6 5. 0-0 d6 6. Re1 Bd7 7. c3 g6 8. d4 Qe7 9. d5 Nd8 10. Bxd7+ Nxd7 11. Bg5 f6 12. Bh4 h5 13. h3 Bh6 14. Nh2 Nf7 15. Nf1 0-0-0 16. Ne3 Bxe3 17. Rxe3 Rdg8 18. Nd2 Nh6 19. b4 g5 20. b5 a5 21. Nc4 gxh4 22. b6 Nxb6 23. Nxa5 Rg5 24. f3 Rhg8 25. Re2 Qd7 26. Kh2 Qb5 27. Nb3 Na4 28. c4 Qa6 29. Qd2 Nf7 30. Na5 Nc5 31. Rb1 Nd8 32. Rb5 b6 33. Nc6 Nxc6 34. dxc6 Ne6 35. Rb2 Nd4 36. Rf2 Qxc4 37. a4 Rxg2+ 38. Rxg2 Nxf3+ 39. Kh1 Qf1+ 0-1

[Event "Hessen-ch qual-C"]
[Site "Erlensee"]
[Date "2007.04.07"]
[Round "7"]
[White "Zuyev, Igor"]
[Black "Adair, Robin"]
[Result "1-0"]
[WhiteElo "2172"]
[BlackElo "2033"]
[PlyCount "51"]
[EventDate "2007.04.04"]
[EventType "swiss"]
[EventRounds "7"]
[EventCountry "GER"]
[SourceTitle "CBM 117 Extra"]
[Source "ChessBase"]
[SourceDate "2007.05.09"]
[SourceVersion "1"]
[SourceVersionDate "2007.05.09"]
[SourceQuality "1"]

1. e4 c5 2. Nc3 Nc6 3. f4 e6 4. Nf3 d6 5. Bb5 Bd7 6. d3 Nge7 7. 0-0 a6 8. Bc4 b5 9. Bb3 Qb6 10. Be3 Nd4 11. f5 Nxb3 12. axb3 d5 13. fxe6 Bxe6 14. b4 Ng6 15. exd5 Bg4 16. Qe2 0-0-0 17. Qf2 Be7 18. bxc5 Qf6 19. Bg5 Qf5 20. Bxe7 Nxe7 21. Rxa6 Nxd5 22. Ra8+ Kd7 23. c6+ Ke7 24. Qc5+ Kf6 25. Rxd8 Rxd8 26. Nd4 1-0

[Event "Hessen-ch qual-C"]
[Site "Erlensee"]
[Date "2007.04.06"]
[Round "4"]
[White "Adair, Robin"]
[Black "Dohne, Kai Uwe"]
[Result "1-0"]
[WhiteElo "2033"]
[BlackElo "1767"]
[PlyCount "58"]
[EventDate "2007.04.04"]
[EventType "swiss"]
[EventRounds "7"]
[EventCountry "GER"]
[SourceTitle "CBM 117 Extra"]
[Source "ChessBase"]
[SourceDate "2007.05.09"]
[SourceVersion "1"]
[SourceVersionDate "2007.05.09"]
[SourceQuality "1"]

1. c4 e5 2. Nc3 Nf6 3. g3 Nc6 4. Bg2 Bc5 5. e3 d6 6. Nf3 Bg4 7. h3 Be6 8. d4 Bxc4 9. dxc5 dxc5 10. Qxd8+ Rxd8 11. a3 h6 12. Nd2 Bd3 13. Bxc6+ bxc6 14. f3 c4 15. Kf2 Rb8 16. Nde4 Nd7 17. g4 0-0 18. Kg3 f5 19. Nf2 Bc2 20. Bd2 Nc5 21. Rac1 Bb3 22. Nb1 Rbe8 23. Bb4 fxg4 24. Bxc5 Rxf3+ 25. Kg2 e4 26. Nd2 g3 27. Nfxe4 Rf5 28. Nxg3 Rg5 29. Nxb3 Rxc5 1-0

[Event "Hessen-ch qual-C"]
[Site "Erlensee"]
[Date "2007.04.05"]
[Round "2"]
[White "Adair, Robin"]
[Black "Schaal, Benedikt"]
[Result "0-1"]
[WhiteElo "2033"]
[BlackElo "1841"]
[PlyCount "102"]
[EventDate "2007.04.04"]
[EventType "swiss"]
[EventRounds "7"]
[EventCountry "GER"]
[SourceTitle "CBM 117 Extra"]
[Source "ChessBase"]
[SourceDate "2007.05.09"]
[SourceVersion "1"]
[SourceVersionDate "2007.05.09"]
[SourceQuality "1"]

1. Nf3 d5 2. d4 Nf6 3. g3 c6 4. Bg2 Bf5 5. 0-0 Nbd7 6. c4 dxc4 7. Nc3 e6 8. Nh4 Bg6 9. Nxg6 hxg6 10. e4 e5 11. a4 Rb8 12. Be3 a6 13. Qe2 b5 14. axb5 axb5 15. f4 exd4 16. Bxd4 Bc5 17. Qf2 Ng4 18. Qd2 Qb6 19. Rfd1 Rxh2 20. Bxc5 Qxc5+ 21. Qd4 Rxg2+ 22. Kxg2 Ne3+ 23. Kf3 Qxd4 24. Rxd4 Nc2 25. Rxd7 Kxd7 26. Ra7+ Ke8 27. e5 Rd8 28. Ne4 Rd7 29. Nd6+ Ke7 30. Ra8 Ke6 31. g4 Kd5 32. Rg8 f6 33. Nc8 Kc5 34. Ke4 Rd4+ 35. Kf3 Rd3+ 36. Kf2 fxe5 37. fxe5 Re3 38. Rxg7 Rxe5 39. Rxg6 Nd4 40. Na7 b4 41. Rh6 c3 42. bxc3 bxc3 43. Rh1 c2 44. Rc1 Re7 45. Nxc6 Kxc6 46. g5 Rg7 47. Ke3 Kc5 48. Kd3 Rxg5 49. Rh1 Rg3+ 50. Kd2 Kc4 51. Rb1 Rg2+ 0-1

[Event "Karl Mala Memorial op 10th"]
[Site "Griesheim"]
[Date "2006.07.20"]
[Round "1"]
[White "Adair, Robin"]
[Black "Zimpfer, Andreas"]
[Result "1-0"]
[WhiteElo "2103"]
[BlackElo "1655"]
[PlyCount "111"]
[EventDate "2006.07.20"]
[EventType "swiss"]
[EventRounds "7"]
[EventCountry "GER"]
[SourceTitle "CBM 113 Extra"]
[Source "ChessBase"]
[SourceDate "2006.09.14"]
[SourceVersion "1"]
[SourceVersionDate "2006.09.14"]
[SourceQuality "1"]

1. e4 e5 2. Nf3 Nc6 3. Bb5 Nf6 4. 0-0 d6 5. Re1 Be7 6. h3 0-0 7. c3 a6 8. Ba4 b5 9. Bb3 Na5 10. Bc2 c5 11. d4 exd4 12. cxd4 Bb7 13. Ng5 h6 14. e5 dxe5 15. dxe5 Qxd1 16. Rxd1 Nd5 17. Nf3 Nb4 18. Na3 Bxf3 19. gxf3 Nc4 20. Be4 Rad8 21. Re1 Nxa3 22. bxa3 Nd3 23. Bxd3 Rxd3 24. Kg2 c4 25. e6 fxe6 26. Rxe6 Bxa3 27. Be3 a5 28. Rg1 Rd6 29. Rxd6 Bxd6 30. Rd1 Bb4 31. Rd5 Rb8 32. Rd7 Bf8 33. Rc7 Rd8 34. Kf1 Rd3 35. Rc8 Kf7 36. Ke2 Ra3 37. Rxf8+ Kxf8 38. Bc5+ Kf7 39. Bxa3 b4 40. Bc1 b3 41. axb3 cxb3 42. Kd2 Kg6 43. Kc3 Kh5 44. Kxb3 Kh4 45. f4 Kxh3 46. f5 h5 47. f3 Kg3 48. Bh6 gxh6 49. f6 Kxf3 50. f7 h4 51. f8Q+ Kg3 52. Qg7+ Kh2 53. Kc2 a4 54. Kd2 a3 55. Ke2 a2 56. Kf2 1-0

[Event "Frankfurt-ch"]
[Site "Frankfurt"]
[Date "2006.05.29"]
[Round "6"]
[White "Adair, Robin"]
[Black "Zuyev, Igor"]
[Result "1-0"]
[WhiteElo "1797"]
[BlackElo "1898"]
[PlyCount "131"]
[EventDate "2006.04.24"]
[EventType "swiss"]
[EventRounds "7"]
[EventCountry "GER"]
[SourceTitle "EXT 2007"]
[Source "ChessBase"]
[SourceDate "2006.11.23"]
[SourceVersion "1"]
[SourceVersionDate "2006.11.23"]
[SourceQuality "1"]

1. Nf3 f5 2. d4 Nf6 3. Bg5 Ne4 4. e3 Nxg5 5. Nxg5 e5 6. h4 c6 7. Be2 Qf6 8. c3 d5 9. dxe5 Qxe5 10. Nd2 Bc5 11. Ndf3 Qf6 12. Nd4 0-0 13. Qc2 h6 14. Ngf3 Nd7 15. 0-0-0 Ne5 16. Nxe5 Qxe5 17. g3 Qf6 18. h5 b5 19. Rh4 Bd7 20. Nb3 Bb6 21. Qd2 a5 22. Bd3 c5 23. Bb1 a4 24. Nxc5 Bc6 25. Nd3 a3 26. Nb4 axb2+ 27. Kxb2 d4 28. exd4 Bf3 29. Re1 Qd6 30. Qf4 Qxf4 31. Rxf4 Bg4 32. Nd5 Bd8 33. Ne7+ Bxe7 34. Rxe7 Bxh5 35. Rxf5 Rxf5 36. Bxf5 Rf8 37. g4 Be8 38. d5 h5 39. d6 h4 40. d7 Bxd7 41. Rxd7 g5 42. Rd1 Kg7 43. Kb3 Kf6 44. Re1 Rd8 45. Re6+ Kf7 46. Rg6 Rh8 47. Rxg5 Kf6 48. f4 h3 49. Be4 h2 50. Bh1 Rd8 51. Rxb5 Rd1 52. Bb7 Rf1 53. g5+ Ke6 54. f5+ Kd6 55. g6 Ke7 56. Be4 Re1 57. Rb7+ Kd6 58. Rh7 Rxe4 59. Rxh2 Rg4 60. Rf2 Ke7 61. f6+ Kf8 62. g7+ Kf7 63. a4 Rg1 64. a5 Ra1 65. Rg2 Rb1+ 66. Kc2 1-0

[Event "Main Vogelsberg op 1st"]
[Site "Hanau"]
[Date "2006.04.29"]
[Round "3.11"]
[White "Adair, Robin"]
[Black "Chandler, Patrick"]
[Result "0-1"]
[WhiteElo "2103"]
[BlackElo "2199"]
[PlyCount "118"]
[EventDate "2006.04.28"]
[EventType "swiss"]
[EventRounds "7"]
[EventCountry "GER"]
[SourceTitle "EXT 2022"]
[Source "ChessBase"]
[SourceDate "2021.10.06"]
[SourceVersion "1"]
[SourceVersionDate "2021.10.06"]
[SourceQuality "1"]

1. d4 Nf6 2. Nf3 b6 3. g3 Bb7 4. Bg2 e6 5. c4 Be7 6. Nc3 Ne4 7. Nxe4 Bxe4 8. 0-0 0-0 9. d5 Bf6 10. Qb3 Na6 11. Be3 Re8 12. Rad1 Nc5 13. Bxc5 bxc5 14. Qb5 d6 15. dxe6 Rxe6 16. b3 Qe8 17. Qa5 Qb8 18. e3 Qb7 19. Ne1 Bxg2 20. Nxg2 g5 21. Rd5 Rae8 22. Qd2 h6 23. Qd1 Bg7 24. h4 Rg6 25. hxg5 hxg5 26. Ne1 Qc8 27. Qf3 c6 28. Rd1 Rh6 29. Qg2 Qg4 30. Qf3 Qd7 31. Nd3 Bf6 32. e4 Bd4 33. Qf5 Qxf5 34. exf5 Kg7 35. b4 Kf6 36. bxc5 dxc5 37. Kg2 Kxf5 38. Rfe1 Reh8 39. Re7 f6 40. Kf3 g4+ 41. Ke2 R8h7 42. Rxh7 Rxh7 43. Rb1 Ke4 44. Rb8 Re7 45. Rg8 Kf5+ 46. Kd2 Rb7 47. Rc8 Rb6 48. a4 Ra6 49. Rh8 Rxa4 50. Nxc5 Ra2+ 51. Kd3 Bxf2 52. Nd7 Bxg3 53. Rh5+ Kg6 54. Rc5 Be1 55. Nb8 g3 56. Rxc6 g2 57. Rc8 Bg3 58. Rg8+ Kf7 59. Rxg3 Ra3+ 0-1

[Event "Karl Mala Memorial op 09th"]
[Site "Frankfurt"]
[Date "2005.07.31"]
[Round "6"]
[White "Adair, Robin"]
[Black "Noble, Fabian"]
[Result "1-0"]
[WhiteElo "1744"]
[BlackElo "2051"]
[PlyCount "41"]
[EventDate "2005.07.28"]
[EventType "swiss"]
[EventRounds "7"]
[EventCountry "GER"]
[SourceTitle "EXT 2006"]
[Source "ChessBase"]
[SourceDate "2005.11.24"]
[SourceVersion "1"]
[SourceVersionDate "2005.11.24"]
[SourceQuality "1"]

1. e4 d6 2. c4 c5 3. Nc3 Nf6 4. Nf3 a6 5. Be2 e6 6. 0-0 Be7 7. d4 cxd4 8. Nxd4 Qc7 9. b3 0-0 10. Bb2 b6 11. f4 Bb7 12. Bf3 Nc6 13. Kh1 Nxd4 14. Qxd4 Rfd8 15. Rac1 Bc6 16. Nd5 Bxd5 17. cxd5 Qa7 18. dxe6 fxe6 19. e5 dxe5 20. Qxe5 Rab8 21. Rc7 1-0

[Event "Karl Mala Memorial op 09th"]
[Site "Frankfurt"]
[Date "2005.07.31"]
[Round "7"]
[White "Poetsch, Gero"]
[Black "Adair, Robin"]
[Result "0-1"]
[WhiteElo "2007"]
[BlackElo "1744"]
[PlyCount "36"]
[EventDate "2005.07.28"]
[EventType "swiss"]
[EventRounds "7"]
[EventCountry "GER"]
[SourceTitle "EXT 2006"]
[Source "ChessBase"]
[SourceDate "2005.11.24"]
[SourceVersion "1"]
[SourceVersionDate "2005.11.24"]
[SourceQuality "1"]

1. e4 c5 2. Nf3 Nc6 3. c3 Nf6 4. e5 Nd5 5. d4 cxd4 6. cxd4 e6 7. Be2 Bb4+ 8. Bd2 Qb6 9. a3 Bxd2+ 10. Qxd2 Na5 11. Nc3 Nb3 12. Nxd5 exd5 13. Qg5 Nxa1 14. Qxg7 Rf8 15. Bd3 Nb3 16. 0-0 Nxd4 17. Nh4 Qd8 18. Qxh7 Qe7 0-1